000 00328nam a2200121Ia 4500
008 240624s9999 xx 000 0 und d
041 _aeng
082 _a332.041 DAL
100 _aDAMANIA SUNIL
245 _aMID CAP 250 COMPENDIUM ON INDIA S BEST M
260 _c2007
_aMumbai
_bRamdeo Media Pvt Ltd
300 _a332 : p. : cm. ; 27
999 _c5894
_d5894